000 00585nam a22001817a 4500
003 UA-OsUOA
001 16542
007 ta
008 20040113b un ||||| |||| 00| 0 ukr d
100 _aХомич Д.
942 _cSA
040 _aUA-OsUOA
_cUA-OsUOA
_dUA-OsUOA
245 _aВасиль Веремчук: "Плекати ліс - наше покликання": [Про Костопіл. лісництво]
300 _aС.2
955 _a0
773 0 _w0
_tВічеве слово
_dКостопіль
_d2003
_g№52/27 груд./
650 7 _aВеремчук В.
_2UDC
999 _c302707
_d302707